000 02185nam a22005177a 4500
001 780
005 20230707134617.0
008 230707b cb ||||| |||| 00| 0 eng d
020 _a9780545708326
_qpbk.
020 _a054570832X
_qpbk.
020 _a9781480672512
_qPaw Prints
020 _a1480672513
_qPaw Prints
040 _aPAP
_beng
_cPAP
_erda
_dPAP
_dOCLCO
_dBTCTA
_dHBP
_dOCP
_dOCLCO
_dJTH
_dUPZ
_dJTH
_dDAD
_dOCLCF
_dEHH
_dOCL
_dOCLCO
_dYDXCP
_dBDX
_dDLC
050 0 0 _aPZ7.M507
_bJn 2015
082 0 4 _a[Fic]
_223
100 1 _aMeadows, Daisy,
_eauthor.
245 1 0 _aJosie the jewelry fairy /
_cby Meadows, Daisy .
260 _aLondon :
_bOrchard,
_c2014.
300 _a73 pages :
_billustrations ;
_c20 cm.
490 1 _aRainbow magic. The magical crafts fairies ;
_vBook 4
500 _a"Previously published as Magical crafts fairies #4: Josie the jewellery-making fairy by Orchard U.K. in 2014"--Title page verso.
505 _aR
520 _aJosie the jewelry fairy needs Rachel and Kirsty's help to find her missing beaded ribbon in order to help keep Rainspell Island's Arts and Crafts Week on schedule.
521 _a720
_bLexile
521 _aR
_bRaz-Plus
650 0 _aTate, Kirsty (Fictitious character)
_vJuvenile fiction.
650 0 _aWalker, Rachel (Fictitious character)
_vJuvenile fiction.
650 0 _aFairies
_vJuvenile fiction.
650 0 _aMagic
_vFiction.
650 0 _aJewelry
_vFiction.
650 1 _aTate, Kirsty (Fictitious character)
_vFiction.
650 1 _aWalker, Rachel (Fictitious character)
_vFiction.
650 1 _aFairies
_vFiction.
650 1 _aTwins
_vFiction.
650 1 _aMagic
_vFiction.
650 1 _aJewelry
_vFiction.
650 7 _aFairies.
_2fast
_0(OCoLC)fst00919878
650 7 _aJewelry.
_2fast
_0(OCoLC)fst00982535
650 7 _aMagic.
_2fast
_0(OCoLC)fst01005468
650 7 _aTate, Kirsty (Fictitious character)
_2fast
_0(OCoLC)fst01748294
650 7 _aWalker, Rachel (Fictitious character)
_2fast
_0(OCoLC)fst01748295
655 7 _aFiction.
_2fast
_0(OCoLC)fst01423787
655 7 _aJuvenile works.
_2fast
_0(OCoLC)fst01411637
906 _a7
_bcbc
_ccopycat
_d2
_encip
_f20
_gy-gencatlg
942 _2ddc
_cBK
_n0
999 _c780
_d780